000 00889cam a2200265 4500
008 090401t1997 xxu||||| |||| 00| 0 eng d
020 _a1873662653
035 _a(Sirsi) u88406
041 _aeng
050 _a692.8
_c18
110 _aSociety of Chief Quantity Surveyors in Local Government
_93033
245 _aBuilding maintenance works using the National Schedule of Rates : a code of procedure.
250 _a2nd ed.
260 _aAylesbury, Bucks
_bNSR Management
_aReading
_bSCQS
_c1997
300 _avii,27p.
_c30cm.
350 _a0
650 _aBUILT ENVIRONMENT-BUILDING MAINTENANCE AND REFURBISHMENT
650 _aJCT STANDARD FORM OF MEASURED TERM CONTRACT
650 _aMEASURED TERM CONTRACTS
650 _aNATIONAL SCHEDULE OF RATES
650 _aTERM CONTRACTING
690 _aBUILT ENVIRONMENT-BUILDING CONTRACT FORMS
942 _n0
948 _c11/09/1998
999 _c97341
_d97341